Loading...
| Philosophy | 0 | 8 | 0 | 0 | 80 | 65 | 93.25 | 2 | 5 |
| History - World History | 0 | 7 | 0 | 2 | 70 | 55 | 82.14 | 1 | 4 |
| History - American History | 0 | 7 | 1 | 0 | 65 | 63 | 85.71 | 2 | 4 |
| History - European History | 0 | 7 | 1 | 0 | 65 | 57 | 74.57 | 1 | 5 |
| History - Other History | 0 | 6 | 0 | 1 | 60 | 42 | 66.83 | 0 | 3 |
| Religion | 0 | 6 | 0 | 2 | 60 | 70 | 96.17 | 1 | 3 |
| Mythology | 0 | 5 | 0 | 0 | 50 | 68 | 95.00 | 0 | 3 |
| Fine Arts - Classical Music | 0 | 5 | 0 | 1 | 50 | 45 | 98.60 | 0 | 2 |
| Literature - American Literature | 0 | 4 | 0 | 1 | 40 | 38 | 73.25 | 0 | 3 |
| Science - Other Science | 0 | 4 | 0 | 0 | 40 | 53 | 83.50 | 0 | 2 |
| Literature - World/Other Literature | 0 | 4 | 0 | 0 | 40 | 54 | 83.25 | 1 | 3 |
| Science - Biology | 0 | 4 | 0 | 2 | 40 | 71 | 105.50 | 0 | 1 |
| Literature - European Literature | 0 | 3 | 0 | 0 | 30 | 71 | 75.33 | 0 | 2 |
| Literature - British Literature | 0 | 3 | 0 | 0 | 30 | 107 | 122.00 | 0 | 1 |
| Science - Physics | 0 | 3 | 0 | 1 | 30 | 50 | 80.00 | 0 | 1 |
| Fine Arts - Other Fine Arts | 0 | 3 | 1 | 0 | 25 | 110 | 119.67 | 0 | 0 |
| Social Science | 0 | 2 | 0 | 0 | 20 | 86 | 95.00 | 0 | 0 |
| Other Academic | 0 | 2 | 0 | 2 | 20 | 128 | 128.50 | 0 | 0 |
| Geography/Current Events | 0 | 2 | 1 | 1 | 15 | 117 | 120.00 | 0 | 1 |
| Science - Chemistry | 0 | 2 | 1 | 1 | 15 | 131 | 132.00 | 0 | 0 |
| Fine Arts - Visual Fine Arts | 0 | 2 | 2 | 1 | 10 | 111 | 127.00 | 0 | 0 |